ბათუმის შოთა რუსთაველის სახელმწიფო უნივერსიტეტის ბიბლიოთეკა

მცირე მეწარმის გზამკვლევი : (ბიბ.ჩანაწერი № 64184)

000 -ლიდერი
ფიქსირებული სიგრძის საკონტროლო ველი 01296nam a22002417a 4500
003 - საკონტროლო ნომრის იდენტიფიკატორი
საკონტროლო ველი Ge_BSU
005 - ბოლო ოპერაციის თარიღი და დრო
საკონტროლო ველი 20260427122907.0
008 - ფიქსირებული სიგრძის მონაცემთა ელემენტები - ზოგადი ინფორმაცია
ფიქსირებული სიგრძის საკონტროლო ველი 260427s2007 ge ||||| |||| 00| 0 geo d
020 ## - წიგნის საერთაშორისო სტანდარტული ნომერი
International Standard Book Number 9994071067
041 ## - ენის კოდი
Language code of text/sound track or separate title geo
080 ## - უნივერსალური ათობითი კლასიფიკაციის ინდექსი
Universal Decimal Classification number 338.22 : 346.26 :342.743 მ-97
245 ## - ცნობა სათაურის შესახებ
Title მცირე მეწარმის გზამკვლევი :
Remainder of title გზამკვლევი შედგენილია 2007 წ. 15 თებერვლის მდგომარეობით მოქმედი კანონმდებლობის შესაბამისად /
Statement of responsibility, etc სამოქ. საზ. ინ-ტი; [შემდგ.: ია გაბუნია, ლევან ფანიაშვილი].
250 ## - გამოცემის ცნობა
Edition statement [მე-2 გადამუშ. გამოც.].
264 ## - წარმოების, გამოცემის, დისტრიბუციის და სხვა ცნობები
გამოცემის, წარმოების, დისტრიბუციის... ადგილი თბ.,
გამოცემის, წარმოების, დისტრიბუციის... თარიღი 2007.
300 ## - ფიზიკური აღწერა
Extent 95 გვ. :
Other physical details ცხრ. ;
Dimensions 25 სმ.
501 ## - შენიშვნა თანმხლებ მასალაზე
With note დანართი: გვ. 76-94.
504 ## - BIBLIOGRAPHY, ETC. NOTE
Bibliography, etc ბიბლიოგრ.: გვ. 95.
653 ## - INDEX TERM--UNCONTROLLED
Uncontrolled term ბიზნესი.
653 ## - INDEX TERM--UNCONTROLLED
Uncontrolled term სამეწარმეო სამართალი.
653 ## - INDEX TERM--UNCONTROLLED
Uncontrolled term საგადასახადო კოდექსი.
700 ## - ADDED ENTRY--PERSONAL NAME
Personal name გაბუნია, ია
Relator term შემდგენელი
9 (RLIN) 14200
942 ## - ADDED ENTRY ELEMENTS (KOHA)
Source of classification or shelving scheme
Koha item type წიგნი
ეგზემპლარები
ჩამოწერის სტატუსი დაკარგული ეგზემპლარის სტატუსი კლასიფიკაციის წყარო ან თაროზე გაწყობის სქემა დაზიანების სტატუსი არ გაიცემა მუდმივი მდებარეობა (დაცვის ადგილი) ამჟამინდელი ადგილსამყოფელი თაროზე განთავსების ადგილი შეძენის თარიღი ღირებულება, შესყიდვის ნორმალური ფასი სრული შენახვის შიფრი შტრიხკოდი ბოლო ოპერაციის თარიღი ეგზემპლარის მიმდევრობითი ნომერი (კეტერი?) ფასის ძალაში შესვლის თარიღი ეგზემპლარის სახეობა საჯარო შენიშვნა
          ბათუმის შოთა რუსთაველის სახელმწიფო უნივერსიტეტის მთავარი ბიბლიოთეკა ბათუმის შოთა რუსთაველის სახელმწიფო უნივერსიტეტის მთავარი ბიბლიოთეკა წიგნსაცავი 2026-04-27 5.00 338.22 : 346.26 :342.743 მ-97 74405 2026-04-27 74405 2026-04-27 წიგნი 5 ლ.